| 000 | 00645nam a2200229 a 4500 | ||
|---|---|---|---|
| 999 |
_c858 _d858 |
||
| 001 | 858 | ||
| 003 | BD-JhCC | ||
| 005 | 20220615134022.0 | ||
| 008 | 171010s19982010bg |||| ||a| 000 0 ben d | ||
| 020 | _a9847015201128 | ||
| 035 | _a(BD-JhCC)858 | ||
| 040 |
_aBD-JhCC _dBD-JhCC |
||
| 041 | _aben | ||
| 082 |
_a891.443 _bRAI 2010 |
||
| 100 | _aরায়হান, জহির | ||
| 245 |
_aবরফ গলা নদী / _cজহির রায়হান, |
||
| 260 |
_aঢাকা : _bঅনুপম প্রকাশনী; _c2010 |
||
| 300 |
_a95 p.; _c22cm. |
||
| 650 | _aBangali Novel | ||
| 942 |
_2ddc _cBK _028 |
||